[Event "HUN-chT2 Toth 1617"]
[Site "Hungary"]
[Date "2016.11.13"]
[Round "4.7"]
[White "Cs Kovacs, Laszlo"]
[Black "Egyed, Zsolt"]
[Result "0-1"]
[WhiteElo "1856"]
[BlackElo "2099"]
[PlyCount "76"]
[EventDate "2016.09.25"]
[EventType "team-tourn"]
[EventRounds "11"]
[EventCountry "HUN"]
[SourceTitle "EXT 2021"]
[Source "ChessBase"]
[SourceDate "2020.10.23"]
[SourceVersion "1"]
[SourceVersionDate "2020.10.23"]
[SourceQuality "1"]
[WhiteTeam "Felegyhaza Csongrad"]
[BlackTeam "Karcag"]
[WhiteTeamCountry "HUN"]
[BlackTeamCountry "HUN"]

1. Nf3 Nf6 2. d3 g6 3. c3 Bg7 4. g3 0-0 5. Bg2 c5 6. 0-0 Nc6 7. Bg5 d6 8. Nbd2 Rb8 9. Bxf6 Bxf6 10. e4 b5 11. Qc2 Bd7 12. Rfe1 a5 13. Nf1 b4 14. Ne3 a4 15. Nd5 Bg7 16. Nd2 e6 17. Ne3 a3 18. bxa3 Bxc3 19. Rad1 Nd4 20. Qc1 Ba4 21. axb4 cxb4 22. Kh1 Qc8 23. Nec4 Qa6 24. a3 Bxd1 25. Rxd1 Bxd2 26. Qxd2 bxa3 27. Qa2 Rb3 28. h4 Rfb8 29. Rd2 Qa4 30. f4 Qb4 31. Kh2 Rb2 32. Qa1 Nf3+ 33. Bxf3 Rxd2+ 34. Nxd2 Qxd2+ 35. Kh3 Rb2 36. Qxa3 Qh2+ 37. Kg4 h5+ 38. Kg5 Qxg3+ 0-1

[Event "HUN-chT2 Toth 1516"]
[Site "Hungary"]
[Date "2016.02.14"]
[Round "7.6"]
[White "Udvardi, Zalan"]
[Black "Egyed, Zsolt"]
[Result "0-1"]
[WhiteElo "1992"]
[BlackElo "2090"]
[PlyCount "68"]
[EventDate "2015.09.13"]
[EventType "team-tourn"]
[EventRounds "11"]
[EventCountry "HUN"]
[SourceTitle "EXT 2017"]
[Source "ChessBase"]
[SourceDate "2016.10.25"]
[SourceVersion "1"]
[SourceVersionDate "2016.10.25"]
[SourceQuality "1"]
[WhiteTeam "Szentes Integral"]
[BlackTeam "Karcag"]
[WhiteTeamCountry "HUN"]
[BlackTeamCountry "HUN"]

1. e4 c5 2. c3 d5 3. exd5 Qxd5 4. d4 cxd4 5. cxd4 Nc6 6. Nc3 Qxd4 7. Be3 Qxd1+ 8. Rxd1 e5 9. Nb5 Bb4+ 10. Ke2 Ba5 11. Bc5 Nge7 12. b4 Bd8 13. Nd6+ Kf8 14. b5 b6 15. Be3 Nb4 16. Bd2 Nbd5 17. Nxc8 Rxc8 18. g3 Nf5 19. Bh3 Nd4+ 20. Kf1 Rc5 21. Nf3 Nxf3 22. Bb4 Nd4 23. Bxc5+ bxc5 24. Rc1 Be7 25. Kg2 f5 26. Rhe1 Bd6 27. Red1 Ke7 28. Kh1 Rf8 29. Bg2 Ke6 30. Bf1 Ke7 31. Rd3 Rc8 32. Ra3 Rc7 33. Rd3 c4 34. Rdd1 c3 0-1

[Event "HUN-chT2 Toth 1516"]
[Site "Hungary"]
[Date "2015.11.29"]
[Round "5.5"]
[White "Egyed, Zsolt"]
[Black "Nagy Dani, Karoly"]
[Result "1/2-1/2"]
[WhiteElo "2090"]
[BlackElo "1883"]
[PlyCount "89"]
[EventDate "2015.09.13"]
[EventType "team-tourn"]
[EventRounds "11"]
[EventCountry "HUN"]
[SourceTitle "CBM 170 Extra"]
[Source "ChessBase"]
[SourceDate "2016.02.25"]
[SourceVersion "1"]
[SourceVersionDate "2016.02.25"]
[SourceQuality "1"]
[WhiteTeam "Karcag"]
[BlackTeam "Roszke"]
[WhiteTeamCountry "HUN"]
[BlackTeamCountry "HUN"]

1. e4 e6 2. e5 d5 3. exd6 Bxd6 4. d4 Nf6 5. Nf3 Nbd7 6. Bd3 0-0 7. Bg5 Re8 8. 0-0 Be7 9. Ne5 Nxe5 10. dxe5 Nd7 11. Bxe7 Qxe7 12. f4 Nc5 13. Be2 Rd8 14. Qe1 b6 15. Nc3 Bb7 16. Bf3 Bxf3 17. Rxf3 Rd7 18. Rd1 Rad8 19. Rxd7 Rxd7 20. Rf2 Qd8 21. Qe3 a6 22. Kf1 Rd4 23. Ke1 Kf8 24. Rd2 Rxd2 25. Qxd2 Qxd2+ 26. Kxd2 Nd7 27. Ne4 Ke7 28. Ke2 f6 29. exf6+ Nxf6 30. Nxf6 Kxf6 31. g4 e5 32. f5 Kg5 33. Kf3 e4+ 34. Kg3 h5 35. h3 h4+ 36. Kf2 Kf4 37. c4 c5 38. a4 e3+ 39. Ke2 Ke4 40. Ke1 Kf4 41. Ke2 Ke4 42. Ke1 Kf4 43. Ke2 Ke4 44. Ke1 Kf4 45. Ke2 1/2-1/2

[Event "HUN-chT2 Toth 1516"]
[Site "Hungary"]
[Date "2015.11.08"]
[Round "4.5"]
[White "Diamant, Tibor"]
[Black "Egyed, Zsolt"]
[Result "0-1"]
[WhiteElo "2039"]
[BlackElo "2090"]
[PlyCount "106"]
[EventDate "2015.09.13"]
[EventType "team-tourn"]
[EventRounds "11"]
[EventCountry "HUN"]
[SourceTitle "CBM 170 Extra"]
[Source "ChessBase"]
[SourceDate "2016.02.25"]
[SourceVersion "1"]
[SourceVersionDate "2016.02.25"]
[SourceQuality "1"]
[WhiteTeam "Mako SVSE II"]
[BlackTeam "Karcag"]
[WhiteTeamCountry "HUN"]
[BlackTeamCountry "HUN"]

1. e4 c5 2. Nf3 d6 3. d4 cxd4 4. Nxd4 Nf6 5. Nc3 a6 6. Rg1 e5 7. Nb3 Be6 8. g4 d5 9. exd5 Nxd5 10. Nxd5 Bxd5 11. Be3 Nc6 12. c3 Be7 13. Be2 0-0 14. Qc2 Qc7 15. 0-0-0 Rfd8 16. Kb1 Rac8 17. Rd2 Na5 18. Rgd1 Be6 19. h3 Nc4 20. Rxd8+ Rxd8 21. Rxd8+ Qxd8 22. Qd1 Nxe3 23. Qxd8+ Bxd8 24. fxe3 Bb6 25. e4 h5 26. Nc1 Kh7 27. Nd3 f6 28. gxh5 Bxh3 29. c4 Bd4 30. Bf3 Kh6 31. Kc2 Kg5 32. b4 Be6 33. c5 Bxa2 34. Nc1 Be6 35. Nb3 Bf2 36. Na5 Kf4 37. Be2 b6 38. Nb7 bxc5 39. bxc5 Kxe4 40. Bxa6 Kd5 41. Nd6 Bxc5 42. Ne8 Bf5+ 43. Kd2 Bf8 44. h6 gxh6 45. Nxf6+ Kd4 46. Bb5 Be7 47. Nh5 Bg5+ 48. Kd1 Ke3 49. Be2 Kf2 50. Ng7 Bd7 51. Bd3 Bg4+ 52. Kc2 h5 53. Be4 h4 0-1

[Event "HUN-chT2 Toth 1415"]
[Site "Hungary"]
[Date "2014.09.21"]
[Round "2.4"]
[White "Ginguta, Gheorghe"]
[Black "Egyed, Zsolt"]
[Result "1-0"]
[WhiteElo "2110"]
[BlackElo "2127"]
[PlyCount "43"]
[EventDate "2014.09.07"]
[EventType "team-tourn"]
[EventRounds "11"]
[EventCountry "HUN"]
[SourceTitle "EXT 2016"]
[Source "ChessBase"]
[SourceDate "2015.10.08"]
[SourceVersion "1"]
[SourceVersionDate "2015.10.08"]
[SourceQuality "1"]
[WhiteTeam "Gyula"]
[BlackTeam "Karcag"]
[WhiteTeamCountry "HUN"]
[BlackTeamCountry "HUN"]

1. e4 c5 2. Nf3 d6 3. d4 cxd4 4. Nxd4 Nf6 5. Nc3 a6 6. Be2 e6 7. 0-0 Be7 8. Be3 Qc7 9. f4 b5 10. Bf3 Bb7 11. e5 dxe5 12. Bxb7 Qxb7 13. fxe5 Nd5 14. Qf3 0-0 15. Nf5 Bd8 16. Nh6+ Kh8 17. Nxf7+ Rxf7 18. Qxf7 Qxf7 19. Rxf7 Kg8 20. Raf1 Bf6 21. Nxd5 Kxf7 22. Nc7 1-0

[Event "HUN-chT2 Toth 1314"]
[Site "Hungary"]
[Date "2014.03.02"]
[Round "8.9"]
[White "Egyed, Zsolt"]
[Black "Patko, Lajos"]
[Result "1-0"]
[WhiteElo "2110"]
[BlackElo "1793"]
[PlyCount "91"]
[EventDate "2013.09.08"]
[EventType "team-tourn"]
[EventRounds "11"]
[EventCountry "HUN"]
[SourceTitle "EXT 2016"]
[Source "ChessBase"]
[SourceDate "2015.10.08"]
[SourceVersion "1"]
[SourceVersionDate "2015.10.08"]
[SourceQuality "1"]
[WhiteTeam "Karcag"]
[BlackTeam "Szentes"]
[WhiteTeamCountry "HUN"]
[BlackTeamCountry "HUN"]

1. e4 e6 2. e5 d5 3. exd6 Bxd6 4. d4 Nf6 5. Bg5 0-0 6. Nd2 Be7 7. c3 b6 8. Bd3 Bb7 9. Ngf3 Nbd7 10. Qc2 h6 11. h4 c5 12. 0-0-0 cxd4 13. Nxd4 Nc5 14. Bxf6 Nxd3+ 15. Qxd3 Bxf6 16. N2f3 Bxf3 17. Qxf3 Bxd4 18. Rxd4 Qc7 19. Rhd1 Rad8 20. Qd3 Rxd4 21. Qxd4 Rc8 22. g3 Qe7 23. Kc2 Rc7 24. Qd8+ Qxd8 25. Rxd8+ Kh7 26. Kd3 Kg6 27. Rd4 f6 28. f3 h5 29. b4 e5 30. Rd5 Kf5 31. c4 Ke6 32. a4 g5 33. a5 gxh4 34. gxh4 f5 35. Rb5 Rc6 36. Kc3 Rd6 37. c5 bxc5 38. Rxc5 Rd4 39. Rc4 Rd6 40. b5 Kd5 41. Rc7 e4 42. fxe4+ Kxe4 43. Rxa7 f4 44. a6 f3 45. Re7+ Kd5 46. a7 1-0

[Event "HUN-chT2 Toth 1314"]
[Site "Hungary"]
[Date "2014.02.16"]
[Round "7.9"]
[White "Bankos, Henrietta"]
[Black "Egyed, Zsolt"]
[Result "0-1"]
[WhiteElo "1836"]
[BlackElo "2110"]
[PlyCount "90"]
[EventDate "2013.09.08"]
[EventType "team-tourn"]
[EventRounds "11"]
[EventCountry "HUN"]
[SourceTitle "EXT 2016"]
[Source "ChessBase"]
[SourceDate "2015.10.08"]
[SourceVersion "1"]
[SourceVersionDate "2015.10.08"]
[SourceQuality "1"]
[WhiteTeam "Csongrad Felegyhaza"]
[BlackTeam "Karcag"]
[WhiteTeamCountry "HUN"]
[BlackTeamCountry "HUN"]

1. e4 g6 2. Nf3 Bg7 3. Bc4 d6 4. 0-0 c5 5. Nc3 Nc6 6. d3 Bg4 7. Bxf7+ Kf8 8. Bc4 Ne5 9. Ng5 Bxd1 10. Ne6+ Ke8 11. Bb5+ Nd7 12. Nxd8 Bxc2 13. Ne6 Bxc3 14. bxc3 Rb8 15. Re1 a6 16. Nc7+ Kd8 17. Nxa6 bxa6 18. Bxa6 Rb6 19. Re2 Ba4 20. Bc4 Ne5 21. Bxg8 Rxg8 22. d4 Nd3 23. Be3 c4 24. d5 Rb7 25. Bd4 Kd7 26. e5 Rgb8 27. h3 Rb1+ 28. Rxb1 Rxb1+ 29. Kh2 dxe5 30. Bxe5 Nxe5 31. Rxe5 Rd1 32. Re4 Bb5 33. a4 Ba6 34. Re2 Rd3 35. Rc2 Bb7 36. Kg1 Bxd5 37. Kf1 Be4 38. Rc1 Rd2 39. Ke1 Ra2 40. g3 Bd3 41. a5 Kc6 42. Rd1 e5 43. Rd2 Rxa5 44. f3 Ra3 45. Rf2 Rxc3 0-1

[Event "HUN-chT2 Toth 1314"]
[Site "Hungary"]
[Date "2014.02.02"]
[Round "6.7"]
[White "Egyed, Zsolt"]
[Black "Gombos, Janos"]
[Result "1-0"]
[WhiteElo "2110"]
[BlackElo "2024"]
[PlyCount "63"]
[EventDate "2013.09.08"]
[EventType "team-tourn"]
[EventRounds "11"]
[EventCountry "HUN"]
[SourceTitle "EXT 2016"]
[Source "ChessBase"]
[SourceDate "2015.10.08"]
[SourceVersion "1"]
[SourceVersionDate "2015.10.08"]
[SourceQuality "1"]
[WhiteTeam "Karcag"]
[BlackTeam "Gyula"]
[WhiteTeamCountry "HUN"]
[BlackTeamCountry "HUN"]

1. e4 e5 2. Nf3 Nc6 3. Bb5 a6 4. Ba4 Nf6 5. 0-0 Be7 6. d3 b5 7. Bb3 d6 8. h3 Na5 9. Nc3 Nxb3 10. axb3 Bb7 11. b4 0-0 12. Bd2 c6 13. Ne2 Qc7 14. Ng3 d5 15. Qe2 dxe4 16. dxe4 c5 17. bxc5 Bxc5 18. Ba5 Qe7 19. Nd2 g6 20. Nb3 Ba7 21. Rad1 Rfe8 22. Rd3 Qe6 23. Rfd1 Qc4 24. Re1 Rac8 25. Qf3 Qc6 26. Bb4 Re6 27. Na5 Qc7 28. Nxb7 Qxb7 29. Red1 Rce8 30. Rd6 Bb8 31. Rxe6 Rxe6 32. Qxf6 1-0

[Event "HUN-chT2 Toth 1314"]
[Site "Hungary"]
[Date "2013.09.22"]
[Round "2.6"]
[White "Lorinczy, Laszlo"]
[Black "Egyed, Zsolt"]
[Result "0-1"]
[WhiteElo "1876"]
[BlackElo "2110"]
[PlyCount "84"]
[EventDate "2013.09.08"]
[EventType "team-tourn"]
[EventRounds "11"]
[EventCountry "HUN"]
[SourceTitle "EXT 2016"]
[Source "ChessBase"]
[SourceDate "2015.10.08"]
[SourceVersion "1"]
[SourceVersionDate "2015.10.08"]
[SourceQuality "1"]
[WhiteTeam "Abony"]
[BlackTeam "Karcag"]
[WhiteTeamCountry "HUN"]
[BlackTeamCountry "HUN"]

1. d4 Nf6 2. c4 g6 3. Nc3 Bg7 4. e4 d6 5. Be2 0-0 6. Nf3 e5 7. dxe5 dxe5 8. Qxd8 Rxd8 9. Bg5 Re8 10. Bxf6 Bxf6 11. 0-0 c6 12. h3 Na6 13. Nh2 Nc5 14. Rad1 Ne6 15. Ng4 Bg7 16. Ne3 h5 17. Nc2 Nf4 18. Bf3 Be6 19. b3 Red8 20. Rxd8+ Rxd8 21. Rd1 Rxd1+ 22. Bxd1 Bh6 23. f3 Kf8 24. Kf2 Ke7 25. Ne1 Bd7 26. Ne2 Ne6 27. Nd3 Kd6 28. b4 b6 29. a4 Bd2 30. Bb3 f6 31. Ba2 Kc7 32. Bb3 a5 33. b5 Kd6 34. g4 hxg4 35. hxg4 Nc5 36. Nec1 Be6 37. Nxc5 Kxc5 38. Nd3+ Kd4 39. Ke2 cxb5 40. Kxd2 bxc4 41. Bxc4 Bxc4 42. Nb2 Bb3 0-1

[Event "HUN-chT2 Maroczy 1213"]
[Site "Hungary"]
[Date "2012.11.18"]
[Round "4"]
[White "Egyed, Zsolt"]
[Black "Arbutina, Sinisa"]
[Result "0-1"]
[WhiteElo "2128"]
[BlackElo "2280"]
[PlyCount "64"]
[EventDate "2012.09.16"]
[EventType "team-tourn"]
[EventRounds "11"]
[EventCountry "HUN"]
[SourceTitle "EXT 2014"]
[Source "ChessBase"]
[SourceDate "2013.11.20"]
[SourceVersion "1"]
[SourceVersionDate "2013.11.20"]
[SourceQuality "1"]
[WhiteTeam "Karcag"]
[BlackTeam "Roeszke"]
[WhiteTeamCountry "HUN"]
[BlackTeamCountry "HUN"]

1. e4 e5 2. Nf3 Nc6 3. Bb5 Nf6 4. d3 Bc5 5. Be3 Nd4 6. Bc4 d6 7. c3 Nxf3+ 8. Qxf3 Bb6 9. Bxb6 axb6 10. Nd2 0-0 11. 0-0 c6 12. Qe3 b5 13. Bb3 Nh5 14. Rfe1 Be6 15. d4 Qf6 16. Nf1 Qg6 17. Ng3 Nf4 18. Qd2 h5 19. f3 h4 20. Nf1 Bh3 21. g4 hxg3 22. Nxg3 Kh8 23. Rad1 Qg5 24. Kf2 Qh4 25. Rg1 f5 26. exf5 Rxf5 27. dxe5 Rxe5 28. Rge1 Bg2 29. Qxd6 Rxe1 30. Rxe1 Rd8 31. Qe7 Rd2+ 32. Ke3 Qxe7+ 0-1